Mathematics for business / (Record no. 8255)
[ view plain ]
| 000 -LEADER | |
|---|---|
| fixed length control field | 00667nam a22002172 4500 |
| 001 - CONTROL NUMBER | |
| control field | 0000012637 |
| 005 - DATE AND TIME OF LATEST TRANSACTION | |
| control field | 20151217152110.0 |
| 008 - FIXED-LENGTH DATA ELEMENTS--GENERAL INFORMATION | |
| fixed length control field | 090227s xx 000 0 eng d |
| 020 ## - INTERNATIONAL STANDARD BOOK NUMBER | |
| International Standard Book Number | 0886714842 : |
| 040 ## - CATALOGING SOURCE | |
| Original cataloging agency | KABU |
| Transcribing agency | KABU |
| 100 1# - MAIN ENTRY--PERSONAL NAME | |
| Personal name | Miller, Bert. |
| -- | 0000169519 |
| 245 10 - TITLE STATEMENT | |
| Title | Mathematics for business / |
| Statement of responsibility, etc. | Bert Miller. |
| 250 ## - EDITION STATEMENT | |
| Edition statement | 1st ed. |
| 260 ## - PUBLICATION, DISTRIBUTION, ETC. (IMPRINT) | |
| Place of publication, distribution, etc. | Circle Pines, MI. : |
| Name of publisher, distributor, etc. | American Guidance Service, |
| Date of publication, distribution, etc. | 1986. |
| 300 ## - PHYSICAL DESCRIPTION | |
| Extent | x, 294 p. |
| 650 #0 - SUBJECT ADDED ENTRY--TOPICAL TERM | |
| Topical term or geographic name as entry element | Business mathematics. |
| -- | 0000148324 |
| 852 1# - LOCATION | |
| -- | p500 KES |
| 852 1# - LOCATION | |
| -- | p500 KES |
| 908 ## - PUT COMMAND PARAMETER (RLIN) | |
| Put command parameter | 090227 |
| 950 ## - LOCAL HOLDINGS (RLIN) | |
| -- | 1 |
| Withdrawn status | Lost status | Source of classification or shelving scheme | Not for loan | Home library | Current library | Date acquired | Total Checkouts | Full call number | Barcode | Date last seen | Price effective from | Koha item type |
|---|---|---|---|---|---|---|---|---|---|---|---|---|
| Library of Congress Classification | Kabarak, Main Campus | Kabarak, Main Campus | 17/12/2015 | HF5691 .M55 1986 c. 1 | 16845 | 17/12/2015 | 17/12/2015 | General Collection | ||||
| Library of Congress Classification | Kabarak, Main Campus | Kabarak, Main Campus | 17/12/2015 | HF5691 .M55 1986 c. 2 | 16846 | 17/12/2015 | 17/12/2015 | General Collection |